000 00656nam a2200217Ia 4500
003 GCL
008 140319s9999 xx 000 0 ara d
020 _a6417702977
040 _aGCL /
_cGCL
082 0 4 _aط
_b001.2
_bد ك
100 1 _aانصاف نصر
245 1 0 _aكتابك الاول عن : الحياكة /
_cانصاف نصر
700 1 _aروبرتس ، كاترين
250 _aالثانية
260 _aالقاهرة :
_bدار المعارف ،
_c1993
300 _a63 ص ؛
_c24 سم
490 _aكتابك الاول عن
_v16
650 0 4 _aالحياكة
650 0 4 _aالحياكة - مستلزمات
942 _2ddc
_cBK
999 _c9113
_d9113